| 000 | 00827nam a2200229 a 4500 | ||
|---|---|---|---|
| 001 | 61301 | ||
| 003 | BD-RjUL | ||
| 005 | 20211209080938.0 | ||
| 008 | 170117r19461944en b 001 0 eng d | ||
| 035 | _a(BD-RjUL)61425 | ||
| 035 | _a(OCoLC)1653282 | ||
| 040 |
_aDLC _cOTU _dOTU _dDLC _dBD-RjUL _beng |
||
| 041 | _aeng | ||
| 082 |
_a331.873 _bIND 1946 |
||
| 245 | 0 | 0 |
_aIndustrial relations handbook : _bAn account of the organisation of employers and workpeople of Great Britain; conciliation and arbitration; and statutory regulation of wages in certain industries / |
| 260 |
_aLondon : _bH. M. Stationery Off., _c1944 [Reprinted 1946] |
||
| 300 |
_aiv, 260 p. ; _c22 cm. |
||
| 504 | _aIncludes bibliography (p. 234-237) and index. | ||
| 650 | 0 |
_aIndustrial relations _950638 |
|
| 942 |
_2ddc _cBK |
||
| 999 |
_c61301 _d61301 |
||